Constitutional Law of India (Record no. 6410)

MARC details
000 -LEADER
fixed length control field 00406nam a22001697a 4500
005 - DATE AND TIME OF LATEST TRANSACTION
control field 20210904103705.0
008 - FIXED-LENGTH DATA ELEMENTS--GENERAL INFORMATION
fixed length control field 200521b xxu||||| |||| 00| 0 eng d
020 ## - INTERNATIONAL STANDARD BOOK NUMBER
ISBN 9788194075721
041 ## - LANGUAGE CODE
Language code of text/sound track or separate title eng
082 ## - DEWEY DECIMAL CLASSIFICATION NUMBER
Classification number 342.54 PAN
100 ## - MAIN ENTRY--AUTHOR NAME
Personal name Pandey Dr. J.N
245 ## - TITLE STATEMENT
Title Constitutional Law of India
260 ## - PUBLICATION, DISTRIBUTION, ETC. (IMPRINT)
Place of publication Allahabad
Name of publisher Central Law Agency
300 ## - PHYSICAL DESCRIPTION
Number of Pages 881p.
650 ## - SUBJECT ADDED ENTRY--TOPICAL TERM
Topical Term Law
942 ## - ADDED ENTRY ELEMENTS (KOHA)
Koha item type Books
Holdings
Lost status Damaged status Collection code Home library Current library Shelving location Date acquired Source of acquisition Cost, normal purchase price Full call number Accession Number Koha item type
    Reference JRU Library JRU Library Shelf - 13- A 02/06/2020 PURCHASE 650.00 342.54 PAN 24315 Books
    CS/IT JRU Library JRU Library SHELF-29-A 02/06/2020 PURCHASE 650.00 342.54 PAN 24316 Books
    Reference JRU Library JRU Library SHELF-1-C 02/06/2020 PURCHASE 650.00 342.54 PAN 24317 Books
    CS/IT JRU Library JRU Library SHELF-29-A 02/06/2020 PURCHASE 650.00 342.54 PAN 24318 Books
    CS/IT JRU Library JRU Library SHELF-29-A 02/06/2020 PURCHASE 650.00 342.54 PAN 24319 Books